Estática de las construcciones : (Record no. 19458)

000 -CABECERA
fixed length control field 00776nam a22002177a 4500
003 - IDENTIFICADOR DEL NÚMERO DE CONTROL
control field AR-CdUCM
008 - DATOS DE LONGITUD FIJA--INFORMACIÓN GENERAL
fixed length control field 190320b ||||| |||| 00| 0 spa d
020 ## - NÚMERO INTERNACIONAL ESTÁNDAR DEL LIBRO
ISBN 8471862301
040 ## - FUENTE DE LA CATALOGACIÓN
Agencia/entidad que catalogó originalmente la obra MUNICIPALIDAD PROVINCIAL DEL CUSCO
Entidad que transcribió la catalogación BIBLIOTECA MUNICIPAL DEL CUSCO
082 ## - NÚMERO DE LA CLASIFICACIÓN DECIMAL DEWEY
No. de Clasificación 693.7 /
Notacion interna L77
100 ## - ENTRADA PRINCIPAL--NOMBRE DE PERSONA
Nombre Personal Lohmeyer, G.
245 ## - MENCIÓN DE TÍTULO
Título Estática de las construcciones :
Resto del título Curso teórico práctico /
260 ## - PUBLICACIÓN, DISTRIBUCIÓN, ETC.
Lugar de publicación, distribución, etc. Barcelona
Nombre de la editorial, distribuidor, etc. Jose Monteso,
Fecha de publicación, distribución, etc. 1973.
300 ## - DESCRIPCIÓN FÍSICA
Nº de Páginas Extensión 266 páginas ;
Dimensiones 25 cm.
Otros detalles físicos Gráficos,
505 ## - NOTA DE CONTENIDO CON FORMATO
Nota de contenido formateada Contenido : Fundamentos de la estática -- Acción de las fuerzas -- Determinación de los centros de gravedad...
650 ## - PUNTO DE ACCESO ADICIONAL DE MATERIA--TÉRMINO DE MATERIA
Descriptor Estatica
9 (RLIN) 21194
650 ## - PUNTO DE ACCESO ADICIONAL DE MATERIA--TÉRMINO DE MATERIA
Descriptor Centros de gravedad
9 (RLIN) 40796
650 ## - PUNTO DE ACCESO ADICIONAL DE MATERIA--TÉRMINO DE MATERIA
Descriptor Estructuras Teoria
9 (RLIN) 21196
942 ## - ELEMENTOS DE PUNTO DE ACCESO ADICIONAL (KOHA)
Fuente de clasificación
Tipo de item Libros-BMC
945 ## - PROCESAMIENTO DE INFORMACIÓN LOCAL (OCLC)
Catalogador rcc
Holdings
Estado de retiro (separado) Fuente de clasificación o esquema de estanterías Estado dañado Ubicación Sala donde se ubica Nombre de la colección Fecha de adquisición o compra Costo, precio normal en soles Signatura topográfica Código de Barras Última vez visto (Koha) Tipo de ítem (Koha)
No     Sala Ciencias Sala Ciencias Book Cart 2019-05-17 15.00 693.7 / L77 SC0000001812 2019-05-17 Libros-BMC

Powered by Koha